Former Countries by the Year they Fell - Statistics

General Stats
  • This quiz has been taken 38 times
  • The average score is 10 of 17
Answer Stats
Hint Answer % Correct
Nazi Germany 1945
94%
Soviet Union 1991
85%
Confederate States of America 1865
82%
Russian Empire 1917
79%
Japanese Empire 1945
79%
South Vietnam 1975
79%
East Germany 1989
73%
First French Empire 1815
64%
Tibet 1951
64%
Holy Roman Empire 1806
58%
German Empire 1918
48%
Ottoman Empire 1922
45%
Democratic Kampuchea 1979
45%
United Arab Republic 1961
42%
Gran Colombia 1831
39%
Second French Empire 1870
39%
Habsburg Empire 1918
33%
No matching quizzes found
Score Distribution
Percent of People with Each Score
Percentile by Number Answered
Your Score History
You have not taken this quiz